Jack Straight From The Gut (Record no. 354490)

MARC details
000 -LEADER
fixed length control field 00363nam a2200145Ia 4500
008 - FIXED-LENGTH DATA ELEMENTS--GENERAL INFORMATION
fixed length control field 230719s9999 xx 000 0 und d
041 ## - LANGUAGE CODE
Language code of text/sound track or separate title eng
082 ## - DEWEY DECIMAL CLASSIFICATION NUMBER
Classification number 338.7621
Item number WEL
100 ## - MAIN ENTRY--PERSONAL NAME
Personal name Welch J.
9 (RLIN) 106396
245 ## - TITLE STATEMENT
Title Jack Straight From The Gut
260 ## - PUBLICATION, DISTRIBUTION, ETC. (IMPRINT)
Date of publication, distribution, etc. 2001
Name of publisher, distributor, etc. Warner Books
300 ## - PHYSICAL DESCRIPTION
Extent 479
365 ## - TRADE PRICE
Currency code Rs.
Price amount 388.00
700 ## - ADDED ENTRY--PERSONAL NAME
Personal name Welch J. & Byrne J.
9 (RLIN) 203884
Holdings
Withdrawn status Lost status Damaged status Not for loan Home library Current library Shelving location Date acquired Vendor Cost, normal purchase price Full call number Barcode Date last seen Cost, replacement price Bill Date Koha item type Original Barcode
        Cummins College of Engineering for Women Pune Cummins College of Engineering for Women Pune Donated Book 04/09/2017 Masurkar Enterprises 388.00 338.7621 CCEP-DB-695 19/07/2023 388.00 19/07/2023 Books D00695